| 000 | 00629cam a22001815a 4500 | ||
|---|---|---|---|
| 001 | L155992 | ||
| 008 | 120424s1812 xxk f 000 0 eng d | ||
| 035 | _a(Sirsi) u155992 | ||
| 041 | 0 | _aeng | |
| 100 | 1 | _aAinslie, John | |
| 245 | 0 | 0 |
_aComprehensive treatise on land surveying _bcomprising the theory and practice in all its branches |
| 260 |
_aEdinburgh _bSilvester Doig & Andrew Stirling by John Brown _c1812 |
||
| 300 |
_axvi, 249 p., [40] leaves of plates (some col.) _c28 cm. |
||
| 583 |
_aCondition reviewed _c20120620 _lcondition level 4 |
||
| 651 | 4 |
_aGreat Britain _y1707- |
|
| 690 |
_aMeasurement _96256 |
||
| 942 | _n0 | ||
| 999 |
_c113965 _d113965 |
||